Soissons en image - Statistiques

Statistiques générales
  • Ce quiz a été pris 14 fois
  • Le résultat moyen est 9 sur 16
Statistiques - réponses
Par images Réponse % Correct
Clovis 1er
100%
Place de la République
80%
Rive de l'Aisne
80%
Vase de Soissons
80%
Philippe Etchebest
70%
Rond point de l'Europe
70%
Parc Gouraud
60%
Saint-Jean-des-Vignes
60%
Parc Saint-Crépin
50%
Quartier de Presles
50%
Cathédrale Saint-Gervais-et-Saint-Protais de Soissons
40%
Arsenal
30%
Cité de la Musique et de la Danse
30%
Crypte Saint-Médard
30%
Haricot de Soissons
20%
Pavillon de l'Arquebuse
20%
Aucun quiz correspondant
Distribution des résultats
% des personnes avec chaque résultat
Percentile par nombre de réponses
Votre historique - résultats
Vous n’avez pas pris ce quiz